|
|
|
|
| LEADER |
02976nam a2200493 i 4500 |
| 001 |
EBC1363575 |
| 003 |
MiAaPQ |
| 005 |
20200520144314.0 |
| 006 |
m o d | |
| 007 |
cr cnu|||||||| |
| 008 |
070518t20082008nyu ob 001 0deng|d |
| 020 |
|
|
|z 9780814409190 (hbk.)
|
| 020 |
|
|
|z 0814409199 (hbk.)
|
| 020 |
|
|
|z 9780814414187
|
| 020 |
|
|
|a 9780814409541
|q (electronic bk.)
|
| 035 |
|
|
|a (MiAaPQ)EBC1363575
|
| 035 |
|
|
|a (Au-PeEL)EBL1363575
|
| 035 |
|
|
|a (CaPaEBR)ebr10836233
|
| 035 |
|
|
|a (CaONFJC)MIL112675
|
| 035 |
|
|
|a (OCoLC)922906986
|
| 040 |
|
|
|a MiAaPQ
|b eng
|e rda
|e pn
|c MiAaPQ
|d MiAaPQ
|
| 050 |
|
4 |
|a HD31
|b .C589 2008
|
| 082 |
0 |
|
|a 658
|2 22
|
| 100 |
1 |
|
|a Cohen, William A.,
|d 1937-
|
| 245 |
1 |
2 |
|a A class with Drucker :
|b the lost lessons of the world's greatest management teacher /
|c by William A. Cohen.
|
| 264 |
|
1 |
|a New York :
|b AMACOM/American Management Association,
|c [2008]
|
| 264 |
|
4 |
|c 2008
|
| 300 |
|
|
|a 1 online resource (282 pages)
|
| 336 |
|
|
|a text
|2 rdacontent
|
| 337 |
|
|
|a computer
|2 rdamedia
|
| 338 |
|
|
|a online resource
|2 rdacarrier
|
| 504 |
|
|
|a Includes bibliographical references and index.
|
| 505 |
0 |
|
|a How I became the student of the father of modern management -- Drucker in the classroom -- What everybody knows is frequently wrong -- Self-confidence must be built step-by-step -- If you keep doing what worked in the past you're going to fail -- Approach problems with your ignorance--not your experience -- Develop expertise outside your field to be an effective manager -- Outstanding performance is inconsistent with fear of failure -- The objective of marketing is to make selling unnecessary -- Ethics, honor, integrity and the law -- You can't predict the future, but you can create it -- We're all accountable -- You must know your people to lead them -- People have no limits, even after failure -- A model organization that Drucker greatly admired -- The management control panel -- Base your strategy on the situation, not on a formula -- How to motivate the knowledge worker -- Drucker's principles of self-development.
|
| 588 |
|
|
|a Description based on print version record.
|
| 590 |
|
|
|a Electronic reproduction. Ann Arbor, MI : ProQuest, 2015. Available via World Wide Web. Access may be limited to ProQuest affiliated libraries.
|
| 600 |
1 |
0 |
|a Drucker, Peter F.
|q (Peter Ferdinand),
|d 1909-2005.
|
| 600 |
1 |
0 |
|a Cohen, William A.,
|d 1937-
|
| 650 |
|
0 |
|a Management.
|
| 650 |
|
0 |
|a Executives
|x Training of.
|
| 655 |
|
4 |
|a Electronic books.
|
| 700 |
1 |
|
|a Drucker, Peter F.
|q (Peter Ferdinand),
|d 1909-2005.
|
| 776 |
0 |
8 |
|i Print version:
|a Cohen, William A.
|t Class with Drucker : the lost lessons of the world's greatest management teacher.
|d New York : AMACOM/American Management Association, [2008]
|h xiv, 258 pages ; 24 cm
|z 9780814414187
|w (OCoLC)ocn133465547
|w (DLC)10836233
|
| 797 |
2 |
|
|a ProQuest (Firm)
|
| 856 |
4 |
0 |
|u https://ebookcentral.proquest.com/lib/matrademy/detail.action?docID=1363575
|z Click to View
|